Kanye West Fan Quiz - Statistics

General Stats
  • This quiz has been taken 522 times
  • The average score is 12 of 16
Answer Stats
Question Answer % Correct
Third Album Name Graduation
92%
Second Album Name Late Registration
92%
Who did he collab with? Jay-Z
91%
What's the name of his firstborn? North West
90%
What was that album called? The College Dropout
89%
Name of his Mother Donda West
88%
First Collab Album Name Watch The Throne
87%
Who did he collab with? Kid Cudi
85%
Second Collab Album Name Kids See Ghosts
85%
Fourth Album Name 808s & Heartbreak
84%
How many Grammys has Kanye won? 21
75%
What's Kanye's suicide note called Never See Me Again
67%
What was his song that inspired him to create his first album? Through The Wire
54%
What's his documentary on Netflix called jeen-yuhs
50%
Only Compilation Album Name Cruel Summer
43%
What was his first mixtape called? Get Well Soon...
21%
No matching quizzes found
Score Distribution
Percent of People with Each Score
Percentile by Number Answered
Your Score History
You have not taken this quiz